| 000 | 00445cam a2200169ua 4500 | ||
|---|---|---|---|
| 041 |
_aeng _h |
||
| 082 |
_a028.72639 _bSAN/MA |
||
| 100 | _aSanthanam, R . | ||
| 245 |
_aManual of fresh water aqua culture / _cR.Santhanam. _hTextual Documents |
||
| 260 |
_aNew Delhi : _bOxford & IBH Book Company , _c1990. |
||
| 300 | _a193 ; . | ||
| 504 | _a | ||
| 700 | 1 | _aNatarajan, P . | |
| 700 | 1 | _aSukumaran, N . | |
| 942 | _cBK | ||
| 999 |
_c6959 _d6959 |
||